00899nam a2200241 a 450000100060000000300090000600800410001502000320005604000280008808200160011610000460013224500640017825000120024226000350025430000250028949000650031450400280037965000420040765000410044994200120049099900170050295201380051924805CO-ViMGA141112s2004 ck r 000 u spa d a9789580228325 (Colección) aCO-ViMGAbspacCO-ViMGA04a591.68 Q84c1 aQuiroga Rodríguez, Gloria Yaneth91371110aCriaturas asombrosas / cGloria Yaneth Quiroga Rodríguez. a1a. ed. aBogotá : bVoluntad, c2009. a96 p. : il. ; 24 cm. aPlan lector Voluntad. Ciencia, tecnología y medio ambiente aBibliografía : p. 96.14aAnimales - Literatura juvenil 91371214aZoologia - Literatura juvenil913713 2ddccBK c32607d32607 00102ddc40708003aMEVIECARbMEVIECARd2015-12-04h03/abr/2013l0o591.68 Q84c p25659r2015-12-04 00:00:00tEj. 1w2015-12-04yBK